Quelle gare parisienne pour aller à… - Statistiques

Statistiques générales
  • Ce quiz a été pris 17 226 fois
  • Le résultat moyen est 9 sur 17
Statistiques - réponses
Hint Réponse % Correct
Strasbourg Gare de l'Est
80%
Londres (Royaume-Uni) Gare du Nord
77%
Nancy Gare de l'Est
72%
Nice Gare de Lyon
72%
Amsterdam (Pays-Bas) Gare du Nord
69%
Saint-Etienne Gare de Lyon
68%
La Rochelle Gare Montparnasse
65%
Reims Gare de l'Est
64%
Brest Gare Montparnasse
56%
Rouen Gare Saint-Lazare
45%
Narbonne Gare de Lyon
42%
Orléans Gare d'Austerlitz
37%
Laon Gare du Nord
32%
Brive La Gaillarde Gare d'Austerlitz
28%
Besançon Gare de Lyon
28%
Rosny-sur-Seine Gare Saint-Lazare
23%
Clermont-Ferrand Gare de Bercy
20%
Aucun quiz correspondant
Distribution des résultats
% des personnes avec chaque résultat
Percentile par nombre de réponses
Votre historique - résultats
Vous n’avez pas pris ce quiz